Obras de San Agustín

Furkejuvvon:
Bibliográfalaš dieđut
Eará dahkkit: Fuertes Lanero, Miguel (traductor, (v.7)), Campelo, Moisés María (traductor, (v.7))
Materiálatiipa: Girji
Giella:espánnjágiella
Almmustuhtton: Madrid Biblioteca de Autores Cristianos 1981
Preanttus:4a. ed
Ráidu:Biblioteca de Autores Cristianos, 53
Fáttát:
Fáddágilkorat: Lasit fáddágilkoriid
Eai fáddágilkorat, Lasit vuosttaš fáddágilkora!

MARC

LEADER 00000cam a2200000 a 4500
001 UCZ2660
003 CL-VaPUC
005 20241128160122.0
008 951005e19810000SP |||||||||||||||||spa|d
999 |c 239219  |d 239217 
040 |c Pontificia Universidad Católica de Valparaíso 
082 0 4 |a 189.2  |b OBR  |2 21 
245 1 0 |a Obras de San Agustín 
250 |a 4a. ed 
260 |a Madrid  |b Biblioteca de Autores Cristianos  |c 1981 
300 |a v 
490 0 |a Biblioteca de Autores Cristianos, 53 
500 |a v.5: Escritos apologéticos, 2 
500 |a v.7: Sermones 1 
583 |a last modification  |c 20150714 04:55:14  |k Rodrigo Vera 
600 0 |a Dios  |9 314467 
600 0 |a San Agustín de Hipona  |x Teólogo y filósofo cristiano   |9 311590 
650 0 |a Filosofía medieval  |9 256245 
650 0 |a Teología   |9 258766 
650 0 |a Experiencia religiosa  |9 315549 
650 0 |a Creencia  |9 334586 
700 1 |a Fuertes Lanero, Miguel  |e traductor  |e (v.7)  |9 863985 
700 1 |a Campelo, Moisés María  |e traductor  |e (v.7)  |9 863986 
942 |c BK  |2 ddc 
945 |d 19951005 00:00:00  |a cmena 
952 |0 0  |1 0  |4 0  |6 189_200000000000000_OBR_1981  |7 0  |8 R  |9 250159  |a BIBEDU  |b BIBEDU  |c MCIRC  |d 2019-11-18  |h v.7  |i 1569651  |o 189.2 OBR 1981  |p 1569651  |r 2023-01-13  |w 2019-11-18  |y BK_R  |k FIL 
952 |0 0  |1 0  |3 erd  |4 0  |6 189_200000000000000_OBR_1981  |7 0  |8 A  |9 250160  |a BIBTEO  |b BIBTEO  |e Casale Rolle, Carlos Ignacio, -2014  |h v.5  |i 5184908  |l 4  |m 8  |o 189.2 OBR 1981  |p 5184908  |r 2025-01-17  |s 2023-07-07  |w 2019-11-18  |y BK  |z Catalogado en:20150728  |k ICR